Textbook of Algebra (Record no. 227076)
[ view plain ]
| 000 -LEADER | |
|---|---|
| fixed length control field | 00531nam a22001817a 4500 |
| 005 - DATE AND TIME OF LATEST TRANSACTION | |
| control field | 20230323125542.0 |
| 008 - FIXED-LENGTH DATA ELEMENTS--GENERAL INFORMATION | |
| fixed length control field | 230323b ||||| |||| 00| 0 eng d |
| 040 ## - CATALOGING SOURCE | |
| Transcribing agency | AL |
| 041 ## - LANGUAGE CODE | |
| Language code of text/sound track or separate title | English |
| 082 ## - DEWEY DECIMAL CLASSIFICATION NUMBER | |
| Edition number | 23 |
| Classification number | 511/159 |
| Item number | LEDT |
| 100 ## - MAIN ENTRY--PERSONAL NAME | |
| Personal name | Leadreship Project Committee |
| 100 ## - MAIN ENTRY--PERSONAL NAME | |
| 9 (RLIN) | 77024 |
| 245 ## - TITLE STATEMENT | |
| Title | Textbook of Algebra |
| 260 ## - PUBLICATION, DISTRIBUTION, ETC. | |
| Place of publication, distribution, etc. | New Delhi |
| Name of publisher, distributor, etc. | Tata McGraw Hill Publishing Company Limited |
| Date of publication, distribution, etc. | 1983 |
| 300 ## - PHYSICAL DESCRIPTION | |
| Extent | viii,166 p. |
| Other physical details | PB |
| Dimensions | 23x15 cm. |
| 650 ## - SUBJECT ADDED ENTRY--TOPICAL TERM | |
| Topical term or geographic name entry element | Algebra |
| 9 (RLIN) | 77025 |
| 700 ## - ADDED ENTRY--PERSONAL NAME | |
| Personal name | LEADERSHIP PROJECT COMMITTEE |
| 9 (RLIN) | 77026 |
| 942 ## - ADDED ENTRY ELEMENTS (KOHA) | |
| Source of classification or shelving scheme | Dewey Decimal Classification |
| Koha item type | Special Grants |
| Withdrawn status | Lost status | Source of classification or shelving scheme | Damaged status | Not for loan | Collection code | Home library | Current library | Shelving location | Date acquired | Total Checkouts | Full call number | Barcode | Date last seen | Price effective from | Koha item type |
|---|---|---|---|---|---|---|---|---|---|---|---|---|---|---|---|
| Dewey Decimal Classification | Mathematics | St Aloysius Library | St Aloysius Library | UGC Book Bank | 03/23/2023 | 511/159 LEDT | SG02812 | 03/23/2023 | 03/23/2023 | Special Grants | |||||
| Dewey Decimal Classification | Mathematics | St Aloysius Library | St Aloysius Library | UGC Book Bank | 03/23/2023 | 511/160 LEDT | SG02813 | 03/23/2023 | 03/23/2023 | Special Grants | |||||
| Dewey Decimal Classification | Mathematics | St Aloysius Library | St Aloysius Library | UGC Book Bank | 03/23/2023 | 511/161 LEDT | SG02814 | 03/23/2023 | 03/23/2023 | Special Grants | |||||
| Dewey Decimal Classification | Mathematics | St Aloysius Library | St Aloysius Library | UGC Book Bank | 03/23/2023 | 511/162 LEDT | SG02815 | 03/23/2023 | 03/23/2023 | Special Grants | |||||
| Dewey Decimal Classification | Mathematics | St Aloysius Library | St Aloysius Library | UGC Book Bank | 03/23/2023 | 511/163 LEDT | SG02816 | 03/23/2023 | 03/23/2023 | Special Grants | |||||
| Dewey Decimal Classification | Mathematics | St Aloysius Library | St Aloysius Library | UGC Book Bank | 03/23/2023 | 511/164 LEDT | SG02817 | 03/23/2023 | 03/23/2023 | Special Grants | |||||
| Dewey Decimal Classification | Mathematics | St Aloysius Library | St Aloysius Library | UGC Book Bank | 03/23/2023 | 511/166 LEDT | SG02819 | 03/23/2023 | 03/23/2023 | Special Grants | |||||
| Dewey Decimal Classification | Mathematics | St Aloysius Library | St Aloysius Library | UGC Book Bank | 03/23/2023 | 511/165 LEDT | SG02818 | 01/09/2024 | 03/23/2023 | Special Grants |